| 000 | 00573nam a2200145 a 4500 | ||
|---|---|---|---|
| 001 | 000033386 | ||
| 005 | 20200930070225.0 | ||
| 008 | 110825s1928 dr acd 000 0 spa d | ||
| 040 |
_aDO-SdBNP _bspa _cBNPHU |
||
| 110 | 1 |
_aRepública Dominicana _bSecretaría de Estado de Fomento y Comunicaciones _958958 |
|
| 245 | 1 | 0 | _aMemoria correspondiente al año 1927 que al ciudadano presidente de la República presenta el Sr. Andrés Pastoriza. |
| 260 |
_cSanto Domingo : _bImprenta Viuda García, Sucesores, _c1928. |
||
| 300 |
_av. : _bil., gráf., retrs. ; _c29 cm. |
||
| 049 | _aBNPD | ||
| 999 |
_c32877 _d32877 |
||